Muestreo estadístico: conceptos y problemas resueltos
محفوظ في:
| المؤلف الرئيسي: | |
|---|---|
| التنسيق: | كتاب |
| اللغة: | الإسبانية |
| منشور في: |
Madrid, España
Pearson Educación
2005
|
| الموضوعات: | |
| الوسوم: |
إضافة وسم
لا توجد وسوم, كن أول من يضع وسما على هذه التسجيلة!
|
MARC
| LEADER | 00000cam a2200000 a 4500 | ||
|---|---|---|---|
| 001 | UCK9413 | ||
| 003 | CL-VaPUC | ||
| 005 | 20231220123808.0 | ||
| 008 | 060512e20050000SP |||||||||||||||||spa|d | ||
| 999 | |c 316620 |d 316618 | ||
| 020 | |a 8420544116 | ||
| 040 | |c Pontificia Universidad Católica de Valparaíso | ||
| 082 | 0 | 4 | |a 001.422 PER 2005 |2 21 |
| 100 | 0 | |a Pérez López, César |9 499195 | |
| 245 | 1 | 0 | |a Muestreo estadístico: conceptos y problemas resueltos |
| 260 | 0 | 3 | |a Madrid, España |b Pearson Educación |c 2005 |
| 300 | |a 374 páginas | ||
| 505 | |a Incluye Cd-Rom | ||
| 583 | |a last modification |c 20161027 05:55:03 |k Rodrigo Vera | ||
| 650 | 0 | |a Estadística matemática |9 260028 | |
| 650 | 0 | |a Modelos matemáticos |9 259437 | |
| 650 | 0 | |a Muestreo (Estadística) |9 270232 | |
| 942 | |c BK |2 ddc | ||
| 945 | |d 20060512 00:00:00 |a cmena | ||
| 952 | |0 0 |1 0 |2 ddc |4 0 |6 001_422000000000000_PER_2005 |7 0 |8 R |9 391187 |a BIBGIM |b BIBGIM |d 2019-11-22 |i 4229703 |l 3 |o 001.422 PER 2005 |p 4229703 |r 2025-01-15 |s 2024-10-16 |t 2 |w 2019-11-22 |y BK_R |k EST | ||
| 952 | |0 0 |1 0 |2 ddc |4 0 |6 001_422000000000000_PER_2005 |7 0 |8 R |9 391188 |a BIBGIM |b BIBGIM |d 2019-11-22 |i 4229711 |o 001.422 PER 2005 |p 4229711 |r 2025-01-15 |t 3 |w 2019-11-22 |y BK_R |k EST | ||
| 952 | |0 0 |1 0 |2 ddc |4 0 |6 001_422000000000000_PER_2005 |7 0 |8 R |9 391189 |a BIBGIM |b BIBGIM |d 2019-11-22 |i 422972K |o 001.422 PER 2005 |p 422972K |r 2025-01-15 |t 4 |w 2019-11-22 |y BK_R |k EST | ||
| 952 | |0 0 |1 0 |2 ddc |4 0 |6 001_422000000000000_PER_2005 |7 0 |8 R |9 391190 |a BIBGIM |b BIBGIM |d 2019-11-22 |i 4230892 |o 001.422 PER 2005 |p 4230892 |r 2025-01-15 |t 5 |w 2019-11-22 |y BK_R |k EST | ||
| 952 | |0 0 |1 0 |2 ddc |4 0 |6 001_422000000000000_PER_2005 |7 0 |8 R |9 391191 |a BIBGIM |b BIBGIM |d 2019-11-22 |i 4230906 |o 001.422 PER 2005 |p 4230906 |r 2025-01-15 |t 6 |w 2019-11-22 |y BK_R |k EST | ||
| 952 | |0 0 |1 0 |2 ddc |4 0 |6 001_422000000000000_PER_2005 |7 0 |8 A |9 391192 |a BIBCUR |b BIBCUR |d 2019-11-22 |i 4386892 |o 001.422 PER 2005 |p 4386892 |r 2025-04-22 |t 1 |w 2019-11-22 |y BK |k BIO | ||
| 952 | |0 0 |1 0 |2 ddc |3 erb |4 0 |6 001_422000000000000_PER_2005 |7 0 |8 R |9 391193 |a BIBGIM |b BIBGIM |i 534607K |l 1 |o 001.422 PER 2005 |p 534607K |r 2025-01-15 |s 2023-08-30 |t 7 |w 2019-11-22 |y BK_R |z Catalogado en:20161028 |k EST | ||